R6 operators by random fact - Statistics

General Stats
  • This quiz has been taken 43 times
  • The average score is 17 of 39
Answer Stats
Hint Answer % Correct
Lost leg and arm in a car explosion Aruni
78%
Is born in Montreal Buck
74%
That said this voice line: "Sometimes, the only way to save a life is to take one" Doc
70%
Watches anime with Castle Ash
65%
Owns the map Fortress Kaid
65%
Has a line: "Big Brother is coming in for overwatch" in reference to George Orwell's book 1984 Lion
65%
Is the leader of the Keres Legion Deimos
61%
Is the youngest operator Mute
57%
Use to have a mounted turret Tachanka
57%
Whole family died Vigil
57%
Last name is Kessikbayev Fuze
52%
Is the oldest operator Zero
52%
was a Paramedic and Rescue Specialist Before joining Rainbow Ace
48%
Uses the Logic Bomb Dokkaebi
48%
Is autistic Jager
48%
Gave Finka her face scar Kapkan
48%
Stumbled across Kaid's fortress and was taken in to become a soldier Oryx
48%
Has an explosive temper Blitz
43%
Their true identity is classified even within Rainbow Nokk
43%
Dated Hibana Pulse
43%
Was the first operator ever created in Siege during early development. Thatcher
43%
Worked as a president's security Warden
43%
Is a space program test pilot Iana
39%
Rescued Nomad Thunderbird
39%
Is the only operator with a bug as their icon Grim
35%
Has a younger sister that is also another operator Zofia
35%
Doesn't have any friends Azami
30%
Gained their operator name because of their background as an undercover cop Bandit
30%
Fire micro-grenades Capitao
30%
Is the leader of Ghosteyes Caveira
30%
Has 6 drones Flores
30%
Their mom died in an explosion Goyo
30%
Is an anti-poacher Melusi
30%
Is the youngest GSG 9 operator Iq
26%
Has the longest legal name out of all the operators Kali
26%
Is born in Portugal Tubarao
26%
First name is Erik Maverick
22%
Has the second longest legal name out of all the operators Jackal
17%
Was born the closest to Antarctica Rauora
9%
No matching quizzes found
Score Distribution
Percent of People with Each Score
Percentile by Number Answered
Your Score History
You have not taken this quiz